Statistics for Satellite Images Quiz #3

Click here to take the quiz!

General Stats

  • This quiz has been taken 45,644 times
    (20,113 since last reset)
  • The average score is 10 of 16

Answer Stats

Answer% Correct
Nile River
95%
Somalia
88%
Scotland
84%
Manhattan
82%
Iran
75%
Caspian Sea
73%
Baltic Sea
73%
Massachusetts
61%
Patagonia
60%
Hawaii
57%
Tasmania
57%
Hudson Bay
56%
Newfoundland
56%
Quebec
52%
Mississippi
51%
Sydney
21%

Score Distribution

Percentile by Number Answered

Percent of People with Each Score

Your Score History

You have not taken this quiz since the last reset